00363nam a2200109Ia 4500008004000000082001800040100004100058245006600099260003900165300001300204650003600217210210b1978 xxu||||| |||| 00| 0 eng d a954.8076 MAJH aMAJUMDAR (R K) and SRIVASTAVA (A N). aHistory of south India 9with special reference to Karnataka). aDelhi.bSurjeet Book Depot.,c1978 aviii,407 aSouth India Questions Answers